000 00541nam a2200193Ia 4500
005 20250508150544.0
008 008 250505s9999 xx 000 0 eng d
037 _aTextual
040 _aFEDL
_beng
_cFEDL
041 _aeng
_2eng
084 _a342.43, LAS
_qFEDL
100 _aLaski Harold J.
245 0 _aParliamentary government in English : A commentary
260 _aLondon, UK
_bGeorge Allen and Unwin Ltd.
_c1948
300 _a453p
650 _aLaw
942 _cTEXL
_h342.43, LAS
999 _c1324241
_d1324241